| 000 | 01007nam a2200313 i 4500 | ||
|---|---|---|---|
| 003 | EG-GICUC | ||
| 005 | 20260512160247.0 | ||
| 008 | 260512s1986 fr ||||fr|||| 00| 0 fre d | ||
| 020 | _a2711106799 | ||
| 040 |
_aEG-GiCUC _bfre _cEG-GiCUC _dEG-GiCUC _eRda |
||
| 082 | 0 | 4 |
_221 _a345.2 _bBO . C |
| 092 | 0 | 4 | _221 |
| 099 | _aLaw1 07 345.2 BO . C 1986 | ||
| 100 | 1 |
_aBouyssou, Fernand _eAuteur |
|
| 245 | 1 | 0 |
_aCode De L'urbanisme : _bCommenté Et Annoté / _cFernand Bouyssou, Jean Hugot. _n |
| 264 | 1 |
_aParis : _blitec, _c1986. |
|
| 300 |
_a1060page : _billustration ; _c 24 cm. |
||
| 336 |
_2rda contenu _a texte |
||
| 337 |
_2rda medias _aOrdinateur |
||
| 338 |
_2 transporteur rda _a Ressource en ligne |
||
| 504 | _aBibliography: pages 200-250. 240-220 | ||
| 546 | _aTexte en français | ||
| 650 | 1 | 4 |
_aDroit administratif _2 |
| 651 | 1 | _2 | |
| 700 | 1 |
_aHugot, Jean _eCo-Auteur |
|
| 856 | 4 | 0 | _uhttps://fll.law.cu.edu.eg/fulltext/bks/B07-05210.pdf |
| 905 | _a50 | ||
| 942 |
_2ddc _cBK _e21 _n0 |
||
| 999 |
_c76685 _d76685 |
||